<?xml version="1.0" encoding="UTF-8"?><?xml-stylesheet type="text/xsl" href="static/style.xsl"?><OAI-PMH xmlns="http://www.openarchives.org/OAI/2.0/" xmlns:xsi="http://www.w3.org/2001/XMLSchema-instance" xsi:schemaLocation="http://www.openarchives.org/OAI/2.0/ http://www.openarchives.org/OAI/2.0/OAI-PMH.xsd"><responseDate>2026-04-13T01:17:26Z</responseDate><request verb="GetRecord" identifier="oai:www.recercat.cat:10256/23159" metadataPrefix="marc">https://recercat.cat/oai/request</request><GetRecord><record><header><identifier>oai:recercat.cat:10256/23159</identifier><datestamp>2024-06-18T12:13:34Z</datestamp><setSpec>com_2072_452955</setSpec><setSpec>com_2072_2054</setSpec><setSpec>col_2072_452961</setSpec></header><metadata><record xmlns="http://www.loc.gov/MARC21/slim" xmlns:dcterms="http://purl.org/dc/terms/" xmlns:xsi="http://www.w3.org/2001/XMLSchema-instance" xmlns:doc="http://www.lyncode.com/xoai" xsi:schemaLocation="http://www.loc.gov/MARC21/slim http://www.loc.gov/standards/marcxml/schema/MARC21slim.xsd">
   <leader>00925njm 22002777a 4500</leader>
   <datafield ind2=" " ind1=" " tag="042">
      <subfield code="a">dc</subfield>
   </datafield>
   <datafield ind2=" " ind1=" " tag="720">
      <subfield code="a">Martins, Leandro José de Souza</subfield>
      <subfield code="e">author</subfield>
   </datafield>
   <datafield ind2=" " ind1=" " tag="720">
      <subfield code="a">Rodrigues-Silva, Jefferson</subfield>
      <subfield code="e">author</subfield>
   </datafield>
   <datafield ind2=" " ind1=" " tag="260">
      <subfield code="c">2022-04-19</subfield>
   </datafield>
   <datafield ind2=" " ind1=" " tag="520">
      <subfield code="a">O texto procura entender os pressupostos da educação superior no Brasil e faz considerações sobre seus limites e potencialidades à luz de Hannah Arendt. Segundo Hannah Arendt, a crise da educação remete-se a uma crise de estabilidade de todas as instituições políticas e sociais. E para o enfrentamento dessa crise, Hannah Arendt sugere reconsiderar a crise da modernidade para se repensar criticamente o papel da educação no mundo contemporâneo. De fato, sua reflexão assevera que a educação está entre as atividades mais elementares e necessárias da sociedade humana, e, por isso, tem de ser continuamente repensada em função das transformações do mundo no qual nascem novos seres humanos. Hannah Arendt, questiona e faz pensar como que a crise da e na educação impede todo desenvolvimento de tarefas e dinâmicas que ajudem, especialmente aos estudantes (em qualquer área de conhecimento) a possuírem e produzirem um conhecimento que leve a um enfrentamento de situações críticas do quotidiano</subfield>
   </datafield>
   <datafield ind1="8" ind2=" " tag="024">
      <subfield code="a">http://hdl.handle.net/10256/23159</subfield>
   </datafield>
   <datafield tag="653" ind2=" " ind1=" ">
      <subfield code="a">Educació i filosofia</subfield>
   </datafield>
   <datafield tag="653" ind2=" " ind1=" ">
      <subfield code="a">Education and philosophy</subfield>
   </datafield>
   <datafield tag="653" ind2=" " ind1=" ">
      <subfield code="a">Arendt, Hannah, 1906-1975</subfield>
   </datafield>
   <datafield ind2="0" ind1="0" tag="245">
      <subfield code="a">Das crises às possibilidades da Educação Superior no Brasil: uma leitura a partir de Hannah Arendt</subfield>
   </datafield>
</record></metadata></record></GetRecord></OAI-PMH>